Trayectorias escolares y niñez institucionalizada : (Registro nro. 32511)
[ vista simple ]
| 000 -CABECERA | |
|---|---|
| campo fijo de control de longitud | 01216nab a2200193 4500 |
| 003 - IDENTIFICADOR DEL NÚMERO DE CONTROL | |
| campo de control | AR-RoBPED |
| 005 - FECHA Y HORADE LA ULTIMA TRANSACCION | |
| campo de control | 20260407120317.0 |
| 008 - ELEMENTOS DE LONGITUD FIJA--INFORMACION GENERAL | |
| campo fijo de control de longitud | 260407b |||||||| |||| 00| 0 spa d |
| 040 ## - FUENTE CATALOGADORA | |
| Centro catalogador/agencia de origen | AR-RoBPED |
| 041 ## - IDIOMA | |
| Código de idioma para texto/pista de sonido o título independiente | spa |
| 100 1# - ENCABEZAMIENTO PRINCIPAL--AUTOR PERSONAL | |
| Nombre de persona | Villalba, María Marta |
| 9 (RLIN) | 23313 |
| Función | Licenciada en Psicología y magister en Educación |
| 245 1# - TITULO | |
| Título | Trayectorias escolares y niñez institucionalizada : |
| Subtítulo | cuando a la escuela llega lo que no se espera / |
| 260 ## - PUBLICACION | |
| Lugar | Buenos Aires : |
| Editor | Noveduc, |
| Fecha | 2025 |
| 300 ## - DESCRIPCION FISICA | |
| Extensión | 30-35 p. |
| 500 ## - NOTA GENERAL | |
| Nota general | La escolarización de niñas y niños alojados en las llamadas instituciones de protección de derechos es un tema poco trabajado en la investigación educativa y, sin embargo, visibiliza tensiones propias de la vida escolar. Pareciera ser que la institución escuela, con su formato tradicional en tiempos, espacios, gradualidades, propuestas y discursos, no espera recibir en sus aulas a niñas y niñas sin familias, que se encuentran transitoriamente al cuidado de otras instituciones. |
| 773 0# - DOCUMENTO FUENTE | |
| Host Biblionumber | 20414 |
| Host Itemnumber | 41867 |
| Place, publisher, and date of publication | Buenos Aires : Noveduc, 1993- |
| Título | Novedades Educativas |
| Record control number | (AR-RoBPED)20414 |
| International Standard Serial Number | 03283534 |
| 942 ## - ELEMENTOS KOHA | |
| Fuente de clasificación | Universal Decimal Classification |
| Koha tipo de ítem | Revistas |
| Clasificación | 37(05) |
| Signatura librística | Nov 86 N° 400 (Febr.2025) |
| Número Koha | k.32511 |
| 945 ## - PROCESAMIENTO DE LA INFORMACIÓN LOCAL | |
| Catalogador y fecha | mar 04/2026 |
No hay ítems disponibles.